| 000 | 00447nam a2200121Ia 4500 | ||
|---|---|---|---|
| 008 | 220216s9999 xx 000 0 und d | ||
| 100 | _aSri Nuryanti | ||
| 245 | 0 | _aGlobal scenario on natural rubber supply | |
| 260 |
_bInternational Workshop on Climate Change and Rubber Cultivation: R & D Priorities, 28-30 July 2010, Rubber Research Institute of India, Kottayam, pp.17-18 _c2010 |
||
| 650 | _aClimate change | ||
| 650 | _aNR supply | ||
| 942 | _cJS | ||
| 999 |
_c59975 _d59975 |
||